1350 1225 1147 1568 1901 1590 1622 1636 1704 1802 1356 1839 1833 1632 1941 1430 1052 1855 1749 1294 1337 1302 1013 1696 1386 1614 1728 1927 1913 1370 1973 1143 1456 1224 1421 1854 1402 1716 1093 1133 1909 1221 1200 1198 1706 1966 1369 1703 1107 1029 1445 1285 1037 1263 1412 1610 1142 1959 1980 1455 1726 1364 1530 1920 1995 1165 1832 1286 1452 1000 1945 1185 1442 1430 1300 1108 1306 1120 1540 1474 1989 1974 1090 1690 1809 1406 1300 1841 1735 1165 1156 1061 1746 1299 1221 1820 1413 1031 1051 BCNSPRNW ULIB Ver.6.0+V

เปลี่ยนเป็นภาษาไทย

Change to English
 แสดงรายละเอียดบรรณานุกรม
  กลับหน้าหลัก

Brief Record : Get Marc (ISO 2709) : E-mail record : QR code < ปิดหน้าต่าง
LEADER : 00000nam 2200000uu 4500
001    13399128623
003     ULIB
008    230921s2565||||th 000 0 tha d
020    ^a9786165909471
060 04 ^aWY160^bจ389ก
100 0  ^aจิณห์จุฑา ชัยเสนา ดาลลาส
245 10 ^aการบำบัดร่วมสมัยทางการพยาบาลจิตเวช สำหรับเยาวชนที่ใช้สารเสพติด :^bแนวคิดสู่การปฏิบัติ /^cจิณห์จุฑา ชัยเสนา ดาลลาส
250    ^aพิมพ์ครั้งที่ 1
260    ^aชลบุรี :^bคณะพยาบาลศาสตร์ มหาวิทยาลัยบูรพา,^c2565
300    ^aก-ฌ, 188 หน้า :^bภาพปรกอบ ;^c26 ซม.
650  2 ^aPsychiatric Nursing
650  4 ^aการพยาบาลจิตเวชศาสตร์
650  4 ^aพยาบาลจิตเวช
650  4 ^aเยาวชนกับยาเสพติด^xการบำบัด
710 2  ^aมหาวิทยาลัยบูรพา.^bคณะพยาบาลศาสตร์
945    ^p300^l0^i29884
945    ^p300^l0^i29885
945    ^p300^l0^i29886
999    ^aกัณชพร จุลอักษร
รายการนี้ยังไม่มีแท็ก
คุณยังไม่ได้ล็อกอิน คุณสามารถมีกิจกรรมร่วมกับเว็บไซต์ได้ แต่ต้องล็อกอินก่อน ::
  ล็อกอิน

รายการสื่อสารสนเทศ

ลำดับที่ ประเภท เลขเรียก/บาร์โค้ด สถานที่ สถานะ
1. หนังสือสำรอง
หนังสือสำรอง
WY160 จ389ก ฉ.1 
  Barcode: 29884
ห้องสมุดวิทยาเขตนครสวรรค์
►หนังสือทั่วไป:l:General Books
บนชั้น
2. วิทยาศาสตร์การแพทย์ และสุขภาพ
วิทยาศาสตร์การแพทย์ และสุขภาพ
WY160 จ389ก ฉ.2 
  Barcode: 29885
ห้องสมุดวิทยาเขตนครสวรรค์
►หนังสือทั่วไป:l:General Books
บนชั้น
3. วิทยาศาสตร์การแพทย์ และสุขภาพ
วิทยาศาสตร์การแพทย์ และสุขภาพ
WY160 จ389ก ฉ.3 
  Barcode: 29886
ห้องสมุดวิทยาเขตนครสวรรค์
►หนังสือทั่วไป:l:General Books
บนชั้น

รายการใกล้เคียง
    ผู้แต่ง [จิณห์จุฑา ชัยเสนา ดาลลาส]

    หัวเรื่อง [Psychiatric Nursing]
    หัวเรื่อง [การพยาบาลจิตเวชศาสตร์]
    หัวเรื่อง [พยาบาลจิตเวช]

BibComment


ยังไม่เคยถูกคอมเมนท์

คอมเมนท์ทรัพยากรรายการนี้
  คอมเมนท์: การบำบัดร่วมสมัย..


 Copyright 2026. Bcnsprnw @Library